Magyar morálfilozófus a tízes években
Elmentve itt :
| Szerző: | |
|---|---|
| Adatforrás: | Philobibl |
| Dokumentumtípus: | Cikk |
| Nyelv: | magyar |
| Megjelent: |
Miskolc
Miskolci Egyetemi Kiadó
1994
|
| Sorozat: | Miskolci Egyetem Közleményei
|
| LEADER | 00453nab a2200133 c 4500 | ||
|---|---|---|---|
| 001 | bibDOK00028710 | ||
| 005 | 20200924122355.5 | ||
| 008 | 060518s1994 hu hun | ||
| 100 | 1 | |a Mariska Zoltán | |
| 245 | 1 | 0 | |a Magyar morálfilozófus a tízes években |c Mariska Zoltán |
| 260 | |a Miskolc |b Miskolci Egyetemi Kiadó |c 1994 | ||
| 300 | |a 167-176. p. | ||
| 490 | 1 | |a Miskolci Egyetem Közleményei, Bölcsészettudományi Intézet | |
| 830 | 0 | |a Miskolci Egyetem Közleményei | |